000 00582nam a2200157Ia 4500
008 210323s9999||||xx |||||||||||||| ||und||
040 _cSTCPL
041 _hENG
082 _a425
_bJOS-M
100 _aJoseph K.V.
245 0 _aMacmillan grammar : a handbook
260 _aBombay
_bMacmillan
_c1987
300 _a300
650 _aStructural System (Grammar) Of Standard EnglishEVOLUTION BY NATURAL SELECTION, THE BEHAVIOUR OF GENES IN POPULATIONS, MOLECULAR EVOLUTION, GENETIC POLYMORPHISM, ADAPTION, COADAPTION, THE EFFECTS OF SELECTION ON QUANTITATIVE CHARACTERS
942 _cBK
999 _c32493
_d32493